| 000 | 00683nam a22002417a 4500 | ||
|---|---|---|---|
| 003 | UA-OsUOA | ||
| 001 | 48738 | ||
| 007 | ta | ||
| 008 | 20130710b un ||||| |||| 00| 0 ukr d | ||
| 100 | _aМарочків В. | ||
| 090 |
_a82-1 _bМ28 |
||
| 942 | _cBR | ||
| 040 |
_aUA-OsUOA _bukr _cUA-OsUOA _dUA-OsUOA |
||
| 245 | _aНа кладці споминів: поезії | ||
| 300 | _a55 с. | ||
| 955 | _a3 | ||
| 041 | _aukr | ||
| 080 | _a82-1 | ||
| 260 |
_aК. _c1992 |
||
| 650 | 7 |
_a82 Література. Літературознавство _2UDC |
|
| 999 |
_c428864 _d428864 |
||